| 000 | 00621nam a2200181 a 4500 | ||
|---|---|---|---|
| 008 | 060831s2006 ||||||||||||||||| || u | ||
| 050 | _aHC 915 Zam | ||
| 110 | _aDirectory Publishers of Zambia | ||
| 245 | 1 | 0 | _aZambia review |
| 250 | _a7th edition | ||
| 260 |
_aLusaka _bDirectory Publishers of Zambia _c2006 |
||
| 300 | _a99p.; ill. | ||
| 350 | _a0.00 | ||
| 650 | 0 | _aECONOMICS | |
| 650 | _aBUSINESS ENTERPRISES--ZAMBIA | ||
| 650 | _aZAMBIA--ECONOMIC CONDITIONS | ||
| 995 |
_aSPECIAL COLLECTIONS _D0.00 _e737392 _FCBU-MAIN LIBRARY (Kitwe) _H1 _I0.00 _jZAM HC 915 ZAM _M1 _UAVAILABLE _WApr 25, 2007 _y52480 _ZZambiana Collection |
||
| 999 |
_c83410 _d83410 |
||